| 000 | 01234nam a2200325 a 4500 | ||
|---|---|---|---|
| 001 | BRL_458 | ||
| 005 | 20190320210742.0 | ||
| 008 | 140813s1991----mx-a######---#000-0#spa-# | ||
| 020 | _a9687230703 | ||
| 041 | _aspa | ||
| 044 | _amx | ||
| 050 | 4 |
_aNA5257.M673 _b.C38 1991 |
|
| 245 | 1 | 0 |
_aLa Catedral de Morelia _cCoordinadora, Nelly Sigaut; Introducción, Clara Bargellini; Autores: Óscar Mazín, Herón Pérez Martínez, Elena I. Estrada de Gerlero; Fotografía: Vicente Guijosa |
| 260 |
_aZamora, Mich. _bColegio de Michoacán, Gobierno del Estado de Michoacán _c1991 |
||
| 300 |
_a439 p. _bil. (algunas a color) _c34 cm. |
||
| 500 | _aIncluye un apéndice documental procedente de dos archivos | ||
| 500 | _aAu504 | ||
| 504 | _aBibliografía: p.433-437 | ||
| 610 | 2 | 4 |
_aCatedral de Morelia _923972 |
| 650 | 1 | 4 |
_aArte y simbolísmo cristiano _zMéxico, Morelia _923973 |
| 651 | 4 |
_aMorelia, México _xEdificios, estructuras, etc. _923974 |
|
| 700 | 1 |
_aSigaut, Nelly _93415 |
|
| 700 | 1 |
_aBargellini, Clara _92612 |
|
| 700 | 1 |
_aMazín, Óscar _923975 |
|
| 700 | 1 |
_aPérez Martínez, Herón _923976 |
|
| 700 | 1 |
_aEstrada de Gerlero, Elena I. _923977 |
|
| 700 | 1 |
_aGuijosa, Vicente _923978 |
|
| 902 | _aGRL | ||
| 942 |
_2lcc _cB |
||
| 999 |
_c9270 _d9270 |
||